A- Level and AS- Level Chemistry / (Record no. 4289)
[ view plain ]
| 000 -LEADER | |
|---|---|
| fixed length control field | 00980nam a22002177a 4500 |
| 003 - CONTROL NUMBER IDENTIFIER | |
| control field | OSt |
| 005 - DATE AND TIME OF LATEST TRANSACTION | |
| control field | 20250205093547.0 |
| 008 - FIXED-LENGTH DATA ELEMENTS--GENERAL INFORMATION | |
| fixed length control field | 250205b ||||| |||| 00| 0 eng d |
| 020 ## - INTERNATIONAL STANDARD BOOK NUMBER | |
| International Standard Book Number | 9780582063907 |
| 040 ## - CATALOGING SOURCE | |
| Transcribing agency | KH8 |
| 082 ## - DEWEY DECIMAL CLASSIFICATION NUMBER | |
| Classification number | 540 COX |
| 100 ## - MAIN ENTRY--PERSONAL NAME | |
| Personal name | Cox, Michael C. , |
| Relator term | author. |
| 245 ## - TITLE STATEMENT | |
| Title | A- Level and AS- Level Chemistry / |
| Remainder of title | Dr Michael C. Cox. |
| 260 ## - PUBLICATION, DISTRIBUTION, ETC. | |
| Place of publication, distribution, etc. | UK ; |
| Name of publisher, distributor, etc. | Longman Group UK Limited , |
| Date of publication, distribution, etc. | 1991. |
| 300 ## - PHYSICAL DESCRIPTION | |
| Extent | 300 pages : |
| Other physical details | illustrations ; |
| Dimensions | 20 cm. |
| 520 ## - SUMMARY, ETC. | |
| Summary, etc. | Longman reference guides have veeb written specially for A and AS Level Scottish Higher Grade students by experienced examiners. Each guide is an A-Z of the most important areas within your syllabus and covers exactly what you need to know at just the right level. Reference guide are ideal to keep on your desk for quick reference throughout your course. |
| 650 ## - SUBJECT ADDED ENTRY--TOPICAL TERM | |
| Topical term or geographic name entry element | Great Britain |
| Form subdivision | Secondary schools |
| 650 ## - SUBJECT ADDED ENTRY--TOPICAL TERM | |
| Topical term or geographic name entry element | Curriculum subjects |
| Form subdivision | Chemistry |
| 650 ## - SUBJECT ADDED ENTRY--TOPICAL TERM | |
| Topical term or geographic name entry element | Chemistry |
| Form subdivision | Guide book |
| 942 ## - ADDED ENTRY ELEMENTS (KOHA) | |
| Source of classification or shelving scheme | |
| Koha item type | Books - Non Ficton |
No items available.